Sprievodca štúdiom na Fakulte hospodárskej informatiky Ekonomickej univerzity v Bratislave akademický rok 2022/2023

Guardado en:
Detalles Bibliográficos
Autor Corporativo: Ekonomická univerzita v Bratislave. Fakulta hospodárskej informatiky
Otros Autores: Ondrušová, Lucia, 1981-, Čajkovičová, Jana, 1964-
Formato: Libro
Lenguaje:eslovaco
Publicado: Bratislava Vydavateľstvo EKONÓM 2022
Edición:1. vydanie
Materias:
Etiquetas: Agregar Etiqueta
Sin Etiquetas, Sea el primero en etiquetar este registro!

MARC

LEADER 00000nam a2200000 4500
001 0288694
005 20240416114157.4
020 |a 978-80-225-4967-7 
041 0 |a slo 
044 |a SK 
245 1 0 |a Sprievodca štúdiom na Fakulte hospodárskej informatiky Ekonomickej univerzity v Bratislave  |b akademický rok 2022/2023  |c zostavili: Lucia Ondrušová, Jana Čajkovičová 
250 |a 1. vydanie 
264 1 |a Bratislava  |b Vydavateľstvo EKONÓM  |c 2022 
300 |a 137 s. 
610 2 0 |a univerzity 
610 2 0 |a vzdelávanie vysokoškolské 
610 2 0 |a programy študijné 
610 2 0 |a plán učebný 
610 2 0 |a štruktúra organizačná 
700 1 |a Ondrušová, Lucia, 1981- 
700 1 |a Čajkovičová, Jana, 1964- 
710 2 |a Ekonomická univerzita v Bratislave. Fakulta hospodárskej informatiky